1349 1922 1846 1986 1577 1257 1844 1293 1206 1611 1399 1117 1210 1132 1342 1540 1133 1479 1088 1532 1694 1169 1018 1636 1474 1673 1546 1398 1700 1989 1795 1733 1990 1908 1677 1744 1229 1910 1376 1472 1792 1723 1936 1093 1652 1678 1610 1374 1623 1677 1722 1672 1334 1198 1126 1560 1816 1256 1403 1387 1430 1501 1475 1639 1156 1399 1737 1829 1653 1781 1698 1698 1624 1264 1302 1082 1716 1774 1457 1290 1728 1492 1760 1536 1348 1191 1658 1559 1843 1309 1475 1879 1975 1382 1064 1045 1361 1257 1860 BCNSPRNW ULIB Ver.6.0+V

เปลี่ยนเป็นภาษาไทย

Change to English
 แสดงรายละเอียดบรรณานุกรม
  กลับหน้าหลัก

Brief Record : Get Marc (ISO 2709) : E-mail record : QR code < ปิดหน้าต่าง
LEADER : 00000nam 2200000uu 4500
001    13399114068
003     ULIB
008    120214s2545||||th 000 0 tha d
020    ^a974959343x
060 04 ^aWA380^bส237อ 2545
100 0  ^aสมใจ วินิจกุล
245 10 ^aอนามัยชุมชน :^bกระบวนการวินิจฉัยและการแก้ปัญหา /^cสมใจวินิจกุล
250    ^aพิมพ์ครั้งที่ 1
260    ^aกรุงเทพฯ :^bภาควิชาการพยาบาลสาธารณสุขศาสตร์วิทยาลัยพยาบาลเกื้อการุณย์,^c2545
300    ^a100 หน้า ;^c27 ซม.
650  7 ^aอนามัยชุมชน
650  7 ^aอนามัยสิ่งแวดล้อม
710 2  ^aวิทยาลัยพยาบาลเกื้อการุณย์.^bภาควิชาการพยาบาลสาธารณสุขศาสตร์
945    ^p120^l0^i12138
945    ^p120^l0^i12140
995    ^aกัณชพร
999    ^aใช้งานได้ทุกระบบ
รายการนี้ยังไม่มีแท็ก
คุณยังไม่ได้ล็อกอิน คุณสามารถมีกิจกรรมร่วมกับเว็บไซต์ได้ แต่ต้องล็อกอินก่อน ::
  ล็อกอิน

รายการสื่อสารสนเทศ

ลำดับที่ ประเภท เลขเรียก/บาร์โค้ด สถานที่ สถานะ
- ไม่พบข้อมูล -

รายการใกล้เคียง
    ผู้แต่ง [สมใจ วินิจกุล]

    หัวเรื่อง [อนามัยชุมชน]
    หัวเรื่อง [อนามัยสิ่งแวดล้อม]

BibComment


ยังไม่เคยถูกคอมเมนท์

คอมเมนท์ทรัพยากรรายการนี้
  คอมเมนท์: อนามัยชุมชน กระ..


 Copyright 2026. Bcnsprnw @Library